| 000 | 01058nam2a22002531 4500 | ||
|---|---|---|---|
| 001 | RU\NLR\INFOCOMM16\1000087582 | ||
| 005 | 20250617072507.0 | ||
| 035 | _a(NLR Aleph) 002550717 | ||
| 090 |
_a3017582 _c3017582 |
||
| 100 | _a20040510d1960 |||y0rusy50 ca | ||
| 101 | 0 | _arus | |
| 102 | _aRU | ||
| 105 | _ay ||||||||| | ||
| 200 | 1 |
_aОпределение требований к полосам воздушных подходов аэродромов _fИ.Л. Зарецкий |
|
| 210 |
_d1960 _aБ. м. |
||
| 461 | 0 |
_1001RU\NLR\INFOCOMM16\1000087549 _12001#$aТруды НИАИ ВВС$fНИАИ ВВССА$vВып.118 _93017389 _aНаучно-исследовательский аэродромный институт ВВС Советской Армии (Москва) _cМ. _d1950-1960 _fНИАИ ВВССА _tТруды НИАИ ВВС _vВып.118 |
|
| 700 | 1 |
_aЗарецкий _bИ.Л. _4070 |
|
| 801 | 1 |
_aRU _bInfoComm _c20040510 |
|
| 801 | 0 |
_aRU _bNLR _gPSBO |
|
| 852 |
_aNLR _jП10/1095 |
||
| 942 | _cISSUE | ||
| 980 | _aNB | ||
| 980 | _aRUSPER | ||